Вып. 92; Радиотехника

Bibliographic Details
Parent link:Радиотехника: республиканский межведомственный научно-технический сборник/ Харьковский институт радиоэлектроники им. М. К. Янгеля. Вып. 92.— , 1965-1991
Language:Russian
Published: 1990
Subjects:
Format: Book
KOHA link:https://koha.lib.tpu.ru/cgi-bin/koha/opac-detail.pl?biblionumber=193077

MARC

LEADER 00000nam2a2200000 4500
001 193077
005 20231031181707.0
035 |a (RuTPU)RU\TPU\book\210530 
090 |a 193077 
100 |a 20110314d1990 k y0rusy50 ca 
101 0 |a rus 
102 |a UA 
105 |a a z 001zy 
200 0 |a Вып. 92 
210 |d 1990 
215 |a 128 с.  |c ил. 
320 |a Библиогр. в конце ст. 
461 1 |0 (RuTPU)RU\TPU\book\70383  |t Радиотехника  |o республиканский межведомственный научно-технический сборник  |f Харьковский институт радиоэлектроники им. М. К. Янгеля  |v Вып. 92  |d 1965-1991 
610 1 |a радиотехника 
610 1 |a СВЧ 
610 1 |a электродинамика 
610 1 |a приборы 
610 1 |a устройства 
610 1 |a сигналы 
610 1 |a использование 
610 1 |a радиоаппаратура 
675 |a 621.396  |v 3 
801 1 |a RU  |b 63413507  |c 20110314 
801 2 |a RU  |b 63413507  |c 20151023  |g RCR 
942 |c BK